Statistics for Карађорђевићи

Click here to take the quiz!

General Stats

  • This quiz has been taken 15 times
  • The average score is 4 of 5

Answer Stats

Answer % Correct
Ђорђе Петровић
100%
Петар I Карађорђевић
90%
Александар I Карађорђевић
90%
Александар Карађорђевић
80%
Петар II Карађорђевић
80%

Score Distribution

Percentile by Number Answered

Percent of People with Each Score

Your Score History

You have not taken this quiz